Sophoclis tragoediae

Αποθηκεύτηκε σε:
Λεπτομέρειες βιβλιογραφικής εγγραφής
Κύριος συγγραφέας: Σοφοκλής, 496-406
Μορφή: Βιβλίο
Γλώσσα:Ancient Greek
Δημοσίευση: Gothae : Sumptibus Guil. Hennings, Londini Apud Williams & Norgate, 1848
Έκδοση:3η έκδ.
Σειρά:Bibliotheca Graeca ; ; 10 ; 9
Θέματα:
Ετικέτες: Προσθήκη ετικέτας
Δεν υπάρχουν, Καταχωρήστε ετικέτα πρώτοι!

MARC

LEADER 00000cam a2200000 i 4500
001 1/67938
008 150226s1848 grc d
035 |l 10121260 
040 |a GR-MY-UA  |b gre  |e aacr 
041 0 |a grc 
082 0 |a 882.12  |2 (23) 
100 0 |a Σοφοκλής,   |d 496-406. 
245 1 0 |a Sophoclis tragoediae /  |c recensuit et explanavit Eduardus Wunderus 
250 |a 3η έκδ. 
260 |a Gothae :   |b Sumptibus Guil. Hennings,   |b Londini Apud Williams & Norgate,   |c 1848 
300 |a 4 τ. σε 1,(iv, 148, 461, 215, 191, 148 σ.);  |c 22 εκ. 
490 1 |a Bibliotheca Graeca  |v ; 9  |v ; 10  |v ; 9 
500 |a Στο verso ετικέτα "Τη Πορφυριάδι των Καρλοβασλιων Σχολή, Κωνσταντίνος Νικολάου". Στη σ. τ. σφραγίδα "Πορφυριάς Αστική Σχολή Καρλοβασίων" με αρ. 334. 
505 0 |a τ.1. Philoctetamτ.2. Electramτ.3. Oedipum Coloneumτ.4. Trachiniasτ.5. Antigonam 
600 0 7 |2 nlgaf  |a Σοφοκλής,   |d 496-406. 
650 0 0 |a Greek drama (Tragedy) 
700 1 |a Wunder, Eduard  |d 1800-1869.  |4 oth 
740 0 2 |a Philoctetam 
740 0 2 |a Electram 
740 0 2 |a Oedipum Coloneum 
740 0 2 |a Trachinias 
740 0 2 |a Antigonam 
830 0 |a Bibliotheca Graeca ;  |v ; 10  |v ; 9 
852 |a INST  |b SAMOS  |c PORFYRIADA  |e 20150226  |h 882.12 ΣΟΦ  |p 005300041828  |q 005300041828  |t NOLOAN  |y 23 
901 |a BIBL3-2015-1 
909 |a Σ  |b 191885 
970 |a ΣΙΤΖΙΜΗ  |b ΓΙΑΣΕΜΗ  |z 2015/02/26